000 00330nam a22001457a 4500
008 210312b ||||| |||| 00| 0 eng d
020 _a9780205689453
041 _aeng
080 _29th
_a82
082 _a82
100 _a21
101 _aGJL
245 _aStrategies for Successful Writing
_cReinking, J. A
942 _2udc
_cBK
999 _c56517
_d56517